000 00649nam a2200229Ia 4500
003 OSt
005 20220925232012.0
006 a|||||r|||| 00| 0
007 ta
008 220923b |||||||| |||| 00| 0 eng d
037 _cGeneral Book
040 _aRTL
_cRTL
_beng
041 _2eng
_aeng
082 _aT4.2.N7, L2
100 _aMadan Mohan
_9273895
245 0 _aProblems of university education in India
_b A memoi
260 _aMeerut
_bMeenakshi Prakashan India
_c1972
300 _axvi,187p
_ccm.
650 _aUniversity Education
942 _hT4.2.N7, L2
_cGB
_2CC
999 _c590038
_d590038